| 000 | 00807cam a22002775a 4500 | ||
|---|---|---|---|
| 001 | 12772643 | ||
| 005 | 20171222040300.0 | ||
| 008 | 020513s2003 mauab b 001 0 eng | ||
| 010 | _a 2002106646 | ||
| 020 | _a0072424362 (combined ed. : alk. paper) | ||
| 020 | _a0072490519 (v. 1) | ||
| 020 | _a0072490535 (v. 2) | ||
| 035 | _a(DLC) 2002106646 | ||
| 040 |
_aDLC _cDLC _dDLC |
||
| 041 | _aeng | ||
| 043 | _an-us--- | ||
| 080 | _a973 BRI | ||
| 082 | 0 | 0 |
_a973 BRI _221 |
| 100 | 1 | _a17 | |
| 101 | _aHIS | ||
| 245 | 1 | 0 |
_aAmerican history : _cAlan Brinkley. |
| 504 | _aIncludes bibliographical references and index. | ||
| 906 |
_a0 _bibc _corignew _d3 _eepcn _f20 _gy-gencatlg |
||
| 942 |
_2ddc _cBK |
||
| 999 |
_c39309 _d39309 |
||